Alle Länder mit S - Statistiken

Allgemein
  • Dieses Quiz wurde 149 mal gespielt
  • Das Durchschnittsergebnis liegt bei 21 aus 28
Antwortstatistiken
Nr Antwort % Korrekt
7 Schweden
94%
8 Schweiz
89%
25 Südkorea
87%
18 Spanien
85%
23 Südafrika
85%
2 Sambia
84%
24 Sudan
84%
10 Serbien
83%
17 Somalia
83%
26 Südsudan
82%
13 Simbabwe
80%
15 Slowakei
80%
16 Slowenien
80%
9 Senegal
77%
11 Seychellen
76%
14 Singapur
76%
28 Syrien
73%
3 Samoa
70%
1 Salomonen
69%
4 San Marino
69%
21 St. Lucia
69%
6 Saudi-Arabien
68%
27 Suriname
66%
19 Sri Lanka
64%
12 Sierra Leone
59%
5 São Tomé und Príncipe
48%
20 St. Kitts und Nevis
48%
22 St. Vincent und die Grenadinen
43%
Keine übereinstimmenden Quizze gefunden
Verteilung der Resultate
Anzahl Personen mit jedem Resultat
Perzentil nach korrekt beantworteten Fragen
Ihre Resultats-Entwicklung
Sie haben dieses Quiz noch nicht gespielt